00342nam a2200109Ia 4500008004100000082000800041100002000049245004700069942000600116952009500122999001500217240331s9999 xx 000 0 und d bNEW aMcHenry, R. Ed. 4aThe new encyclopaedia Britannica :bVol. 9 cL 001040708LaWERCLbWERCLcSSCd2024-03-31l0o 030 NEWp1239r2024-03-31w2024-03-31yL c3280d3280